000 00586nam a22002057a 4500
003 OSt
005 20251221160941.0
008 251221b |||||||| |||| 00| 0 eng d
040 _cDCL
041 _aEnglish
100 0 _aShway Yoe
245 1 4 _aThe Burman :
_bhis life and notions /
_cby Shway Yoe.
260 _aNew York :
_bW. W. Norton & Company,
_c1963.
300 _axxxi, 609 pages :
_bmap ;
_c19 cm.
500 _aIncludes index.
651 _aMyanmar
_xSocial life & Custom
651 _aBurma
_xDescription and travel
942 _2ddc
_cSHORT TERM
_n0
999 _c2772
_d2772